| 000 | 00831nam a2200205Ia 4500 | ||
|---|---|---|---|
| 001 | 17664 | ||
| 003 | GE_BSU | ||
| 008 | 181216s||||||||xx |||||||||||||| ||und|| | ||
| 040 | _cGE_BSU | ||
| 080 | _a621.316.1 | ||
| 245 | _aСправочник по пректированию электроснабжения, линии электропередачи и сетей. | ||
| 245 | _cПод ред. Я.М.Большама, В.И.Круповича, М.Л.Самовера. | ||
| 250 | _aИзд. второе, перераб. и дополн. | ||
| 260 | _aМ. | ||
| 260 | _bЭнергия. | ||
| 260 | _c1974. | ||
| 300 | _a696 стр. с илл. 27 см. | ||
| 653 | _aСправочник по пректированию электроснабжения, линии электропередачи и сетей. | ||
| 942 | _cBK | ||
| 999 |
_c50713 _d50713 |
||